تاريخ الفكر الاشتراكى : (Record no. 15737)
[ view plain ]
| 000 -الفاتح | |
|---|---|
| حقل البيانات ثابتة الطول | 00997nam a22001937a 4500 |
| 008 - عناصر البيانات ثابتة الطول - معلومات عامة | |
| حقل البيانات ثابتة الطول | 110726t1952 xxu||||g |||| 001 0 ara d |
| 082 ## - رقم تصنيف ديوى العشرى | |
| رقم الطبعة | 22 |
| رقم التصنيف | 320.531 |
| رقم المادة | ك و ل |
| 100 ## - المدخل الرئيسى - إسم شخصى | |
| 9 (RLIN) | 26424 |
| الإسم الشخصى | كول، ج.ه |
| 245 ## - بيان العنوان | |
| العنوان | تاريخ الفكر الاشتراكى : |
| بقية العنوان | الرواد الأول من 1780 إلى 1850/ |
| بيان المسئوليه,etc | تأليف ج.ه.كول؛ ترجمة عبد الكريم أحمد ؛مراجعة على أدهم |
| 260 ## - PUBLICATION, DISTRIBUTION, ETC. (IMPRINT) | |
| مكان الناشر او الموزع | القاهرة: |
| اسم الناشر او الموزع | دار سعد مصر بالقاهرة،[1952 |
| تاريخ النشر أو التوزيع | [1952]. |
| 300 ## - الوصف المادى | |
| التعداد | 406ص، |
| أبعاد الوعاء | 24سم. |
| 490 ## - بيان السلسلة | |
| -- | 26425 |
| عنوان السلسلة | من الفكر السياسى و الاشتراكى |
| 650 ## - المدخل الاضافى بالموضوع-مصطلح موضوعى | |
| 9 (RLIN) | 8522 |
| مصطلح موضوعي أو اسم جغرافي كعنصر مدخل | الاشتراكية |
| 653 ## - مصطلح تكشيفى غير مقيد | |
| Resource For college | |
| Arrived date list | July2011 |
| 700 ## - المدخل الاضافى - اسم شخصى | |
| 9 (RLIN) | 26427 |
| الإسم الشخصى | ،عبد الكريم،أحمد |
| العنوان والكلمات الأخرى المصاحبة للاسم | مترجم |
| 700 ## - المدخل الاضافى - اسم شخصى | |
| 9 (RLIN) | 26428 |
| الإسم الشخصى | أدهم،على ، |
| العنوان والكلمات الأخرى المصاحبة للاسم | مراجع |
| 942 ## - عناصر المدخل الإضافي( كوها) | |
| مصدر التصنيف او مخطط الترفيف | Dewey Decimal Classification |
| Koha [default] item type | Book - Borrowing |
| حالة التراجع | حالة الفقد | مصدر التصنيف او خطة الترفيف | حالة تلف | ليس للاعارة | مجموعات كوها | المكان الدائم | المكان الحالي | موقع الترفيف | تاريخ الاكتساب | Source of acquisition | رقم الاستدعاء | الباركود | Date last seen | مُعار | نوع الوعاء |
|---|---|---|---|---|---|---|---|---|---|---|---|---|---|---|---|
| Dewey Decimal Classification | Central Library | Central Library | First floor | 26/07/2011 | Purchase | 320.531 ك و ل | 000024125 | 15/07/2025 | 26/09/2012 | Book - Borrowing |